| 000 | 01169cam a22002651i 4500 | ||
|---|---|---|---|
| 003 | SA_RiAUC | ||
| 005 | 20241109124830.0 | ||
| 008 | 241109s2004____su g i100 0 ara c | ||
| 035 | _aAUC_OC_396289 | ||
| 040 |
_aSA-MaUQU _bara _cSA-RiAUC _erda |
||
| 082 | 0 | 4 | _a211 |
| 090 |
_a211 _bرا ب |
||
| 110 | 2 |
_aرابطة العالم الإسلامي (مكة المكرمة). _bالمؤتمر الإسلامي العام. _n(4 : _d1424 هجري : _cمكة المكرمة) |
|
| 245 | 1 | 2 |
_aالأمة الإسلامية في مواجهة التحديات : _bمؤتمر مكة المكرمة الرابع / _cرابطة العالم الإسلامي. |
| 264 | 1 |
_aمكة المكرمة : _bرابطة العالم الإسلامي، _c2004 |
|
| 300 |
_a414 صفحة ؛ _c24 سم |
||
| 336 |
_aنص _btxt _2rdacontent _3كتاب |
||
| 337 |
_aبدون وسيط _bn _2rdamedia |
||
| 338 |
_aمجلد _bnc _2rdacarrier |
||
| 650 | 7 |
_aالإسلام والإصلاح _vمؤتمرات _2aucsh |
|
| 650 | 7 |
_aالإسلام والإصلاح السياسي _2aucsh |
|
| 650 | 7 |
_aالإسلام والحضارة _2aucsh |
|
| 942 |
_2ddc _cBOOK |
||
| 949 |
_aSA-JeALM _d241109 _ukhaled123 _n1 |
||
| 999 |
_c2213 _d2213 |
||